Pensamientos sueltos sobre la pintura
Guardat en:
| Autor principal: | |
|---|---|
| Format: | Llibre |
| Idioma: | espanyol |
| Publicat: |
Madrid
Tecnos
1988
|
| Col·lecció: | Colección Metrópolis
|
| Matèries: | |
| Etiquetes: |
Afegir etiqueta
Sense etiquetes, Sigues el primer a etiquetar aquest registre!
|
MARC
| LEADER | 00000nam a2200000 a 4500 | ||
|---|---|---|---|
| 001 | UCX7105 | ||
| 003 | CL-VaPUC | ||
| 008 | 931120e19880000SP |||||||||||||||||spa|d | ||
| 082 | 0 | 4 | |a 750.1 |b DID |2 21 |
| 100 | 0 | |a Diderot, Denis |e author |9 323879 | |
| 245 | 1 | 0 | |a Pensamientos sueltos sobre la pintura |
| 300 | |a 112 p | ||
| 942 | |c BK | ||
| 945 | |d 19931120 00:00:00 |a rbrito | ||
| 260 | |a Madrid |b Tecnos |c 1988 | ||
| 650 | 7 | |a PINTURA FILOSOFIA |2 CL-VaPUC |9 323880 | |
| 583 | |a last modification |c 19931120 00:00:00 |k Rodrigo Vera | ||
| 490 | 0 | |a Colección Metrópolis | |
| 999 | |c 227018 |d 227016 | ||
| 952 | |0 0 |1 0 |4 0 |6 750_100000000000000_DID_1988 |7 0 |8 A |9 225773 |a BIBARQ |b BIBARQ |d 2019-11-15 |i 2943824 |o 750.1 DID 1988 |p 2943824 |r 2025-01-20 |w 2019-11-15 |y BK |k ARQ | ||